[Event "SRB-chT"]
[Site "Ruma"]
[Date "2017.09.02"]
[Round "2.1"]
[White "Radoja, Djordje"]
[Black "Lajthajm, Borko"]
[Result "1/2-1/2"]
[WhiteElo "2197"]
[BlackElo "2459"]
[PlyCount "99"]
[EventDate "2017.09.01"]
[EventType "team-tourn"]
[EventRounds "11"]
[EventCountry "SRB"]
[SourceTitle "CBM 180 Extra"]
[Source "ChessBase"]
[SourceDate "2017.10.06"]
[SourceVersion "1"]
[SourceVersionDate "2017.10.06"]
[SourceQuality "1"]
[WhiteTeam "Valjevo Sveti Nikolaj"]
[BlackTeam "Kac Jugovic"]
[WhiteTeamCountry "SRB"]
[BlackTeamCountry "SRB"]

1. e4 c5 2. Nf3 e6 3. d4 cxd4 4. Nxd4 a6 5. Bd3 Qc7 6. 0-0 Nf6 7. c4 Nc6 8. Nxc6 dxc6 9. f4 Bc5+ 10. Kh1 e5 11. Nc3 Ng4 12. Qf3 h5 13. fxe5 Bd4 14. Ne2 Bxe5 15. Bf4 Bxf4 16. Qxf4 Qxf4 17. Nxf4 g5 18. Nh3 Ne5 19. Be2 Bxh3 20. gxh3 Ke7 21. c5 Rad8 22. Rad1 h4 23. b4 Ng6 24. Bg4 Nf4 25. a3 Rxd1 26. Rxd1 Rd8 27. Rxd8 Kxd8 28. Kg1 a5 29. bxa5 Nd3 30. Bh5 Kc7 31. Kg2 Nxc5 32. Kf3 Nd3 33. Ke3 Ne5 34. Kd4 f6 35. Kc5 Nd7+ 36. Kd4 Kd6 37. Bg4 Nc5 38. Bd1 Ne6+ 39. Ke3 Nc7 40. Be2 Nb5 41. Bxb5 cxb5 42. Kd4 Kc6 43. Kd3 Kd7 44. Kc3 Kc7 45. Kb3 Kd6 46. Kb4 Kc6 47. Kb3 Kc5 48. Kc3 Kd6 49. Kb4 Kc6 50. Kc3 1/2-1/2

[Event "SRB Central-chT qual"]
[Site "Nis"]
[Date "2014.10.04"]
[Round "5"]
[White "Dimitrijevic, Zoran"]
[Black "Radoja, Djordje"]
[Result "1/2-1/2"]
[WhiteElo "2107"]
[BlackElo "2201"]
[PlyCount "29"]
[EventDate "2014.10.02"]
[EventType "team-tourn"]
[EventRounds "7"]
[EventCountry "SRB"]
[SourceTitle "CBM 163 Extra"]
[Source "ChessBase"]
[SourceDate "2014.12.23"]
[SourceVersion "1"]
[SourceVersionDate "2014.12.23"]
[SourceQuality "1"]

1. d4 Nf6 2. Nf3 e6 3. c4 c5 4. Nc3 cxd4 5. Nxd4 Nc6 6. e3 Be7 7. Be2 0-0 8. 0-0 a6 9. b3 Qc7 10. Bb2 Re8 11. a3 b6 12. Nxc6 dxc6 13. Bf3 b5 14. cxb5 axb5 15. b4 1/2-1/2

[Event "SRB-chT2 South"]
[Site "Nis"]
[Date "2013.10.19"]
[Round "5.1"]
[White "Radoja, Djordje"]
[Black "Jovanovic, Boban"]
[Result "1-0"]
[WhiteElo "2203"]
[BlackElo "2169"]
[PlyCount "101"]
[EventDate "2013.10.17"]
[EventType "team-swiss"]
[EventRounds "8"]
[EventCountry "SRB"]
[SourceTitle "EXT 2014"]
[Source "ChessBase"]
[SourceDate "2013.11.20"]
[SourceVersion "1"]
[SourceVersionDate "2013.11.20"]
[SourceQuality "1"]

1. e4 c6 2. d4 d5 3. Nc3 dxe4 4. Nxe4 Nf6 5. Nxf6+ exf6 6. Ne2 Bd6 7. Ng3 0-0 8. Be3 f5 9. Qf3 Qc7 10. Nh5 g6 11. Nf4 g5 12. Nh5 g4 13. Qd1 f4 14. Bd2 Qe7+ 15. Qe2 Qg5 16. Ng3 f5 17. Qc4+ Kg7 18. 0-0-0 Qg6 19. Ne2 Be6 20. Qc3 Bxa2 21. Bxf4 Bxf4+ 22. Nxf4 Qh6 23. g3 Bd5 24. Bc4 Bxh1 25. Rxh1 Nd7 26. Kb1 Nf6 27. Ne6+ Kg6 28. Nf4+ Kg7 29. Ne6+ Kg6 30. Nxf8+ Rxf8 31. Qa3 Ne4 32. Ka1 Nxf2 33. Re1 Ne4 34. Bd3 Re8 35. Re2 Qg7 36. Qxa7 Re7 37. Qb6 Qf6 38. Kb1 h5 39. Qb4 h4 40. c4 hxg3 41. hxg3 c5 42. dxc5 Nxg3 43. c6 Nxe2 44. cxb7 Rxb7 45. Qxb7 Nd4 46. Qd5 Kg5 47. c5 g3 48. Be4 Kg4 49. Bg2 f4 50. c6 Nxc6 51. Bf3+ 1-0

[Event "SRB-chT2 South"]
[Site "Nis"]
[Date "2013.10.17"]
[Round "1.1"]
[White "Kulak, Dejan"]
[Black "Radoja, Djordje"]
[Result "1/2-1/2"]
[WhiteElo "2265"]
[BlackElo "2203"]
[PlyCount "26"]
[EventDate "2013.10.17"]
[EventType "team-swiss"]
[EventRounds "8"]
[EventCountry "SRB"]
[SourceTitle "EXT 2014"]
[Source "ChessBase"]
[SourceDate "2013.11.20"]
[SourceVersion "1"]
[SourceVersionDate "2013.11.20"]
[SourceQuality "1"]

1. Nf3 Nf6 2. Nc3 d5 3. d4 c6 4. Bg5 Bf5 5. Nh4 Bg6 6. Bxf6 exf6 7. a3 Nd7 8. Nxg6 hxg6 9. e4 dxe4 10. Nxe4 f5 11. Nd2 Be7 12. c3 Qc7 13. h3 0-0 1/2-1/2

[Event "Nis op"]
[Site "Nis"]
[Date "2013.03.26"]
[Round "7"]
[White "Livaja, Mario"]
[Black "Radoja, Djordje"]
[Result "1/2-1/2"]
[WhiteElo "2227"]
[BlackElo "2222"]
[PlyCount "24"]
[EventDate "2013.03.21"]
[EventType "swiss"]
[EventRounds "9"]
[EventCountry "SRB"]
[SourceTitle "CBM 153 Extra"]
[Source "ChessBase"]
[SourceDate "2013.04.22"]
[SourceVersion "1"]
[SourceVersionDate "2013.04.22"]
[SourceQuality "1"]

1. d4 Nf6 2. Bg5 e6 3. Nf3 Be7 4. e3 b6 5. c4 Bb7 6. Nc3 d6 7. Bd3 c5 8. 0-0 Nbd7 9. Qe2 0-0 10. Rac1 Re8 11. Rfd1 a6 12. Bb1 Qc7 1/2-1/2

[Event "Nis Konak"]
[Site "Nis"]
[Date "2013.02.24"]
[Round "10"]
[White "Stankovic, Dejan"]
[Black "Radoja, Djordje"]
[Result "1/2-1/2"]
[WhiteElo "2279"]
[BlackElo "2222"]
[PlyCount "28"]
[EventDate "2013.02.20"]
[EventType "tourn"]
[EventRounds "10"]
[EventCountry "SRB"]
[SourceTitle "CBM 153 Extra"]
[Source "ChessBase"]
[SourceDate "2013.04.22"]
[SourceVersion "1"]
[SourceVersionDate "2013.04.22"]
[SourceQuality "1"]

1. e4 c6 2. d4 d5 3. Nc3 dxe4 4. Nxe4 Bf5 5. Ng3 Bg6 6. Nf3 Nd7 7. h4 h6 8. Bd3 Bxd3 9. Qxd3 Qc7 10. Bd2 Ngf6 11. 0-0 e6 12. Rfe1 Be7 13. c4 0-0 14. Bc3 Rfe8 1/2-1/2

[Event "Nis Konak"]
[Site "Nis"]
[Date "2013.02.22"]
[Round "5"]
[White "Radoja, Djordje"]
[Black "Stankovic, Dejan"]
[Result "1/2-1/2"]
[WhiteElo "2222"]
[BlackElo "2279"]
[PlyCount "52"]
[EventDate "2013.02.20"]
[EventType "tourn"]
[EventRounds "10"]
[EventCountry "SRB"]
[SourceTitle "CBM 153 Extra"]
[Source "ChessBase"]
[SourceDate "2013.04.22"]
[SourceVersion "1"]
[SourceVersionDate "2013.04.22"]
[SourceQuality "1"]

1. e4 e5 2. Nf3 Nf6 3. Nxe5 d6 4. Nf3 Nxe4 5. Qe2 Qe7 6. d3 Nf6 7. Bg5 Qxe2+ 8. Bxe2 Be7 9. Nc3 c6 10. 0-0-0 Na6 11. Rhe1 Nc7 12. d4 d5 13. h3 0-0 14. Bd3 Ne6 15. Bxf6 Bxf6 16. Ne2 Bd7 17. Ne5 Bxe5 18. dxe5 Nc5 19. f4 Nxd3+ 20. cxd3 h5 21. Nd4 c5 22. Nf3 d4 23. Ng5 Bc6 24. Ne4 Bxe4 25. Rxe4 f5 26. Re2 Kf7 1/2-1/2

[Event "Nis Konak"]
[Site "Nis"]
[Date "2013.02.20"]
[Round "1"]
[White "Necevski, Alesandar"]
[Black "Radoja, Djordje"]
[Result "1-0"]
[WhiteElo "2277"]
[BlackElo "2222"]
[PlyCount "71"]
[EventDate "2013.02.20"]
[EventType "tourn"]
[EventRounds "10"]
[EventCountry "SRB"]
[SourceTitle "CBM 153 Extra"]
[Source "ChessBase"]
[SourceDate "2013.04.22"]
[SourceVersion "1"]
[SourceVersionDate "2013.04.22"]
[SourceQuality "1"]

1. d4 Nf6 2. c4 c5 3. d5 e6 4. Nc3 exd5 5. cxd5 d6 6. e4 g6 7. f3 Bg7 8. Bg5 a6 9. a4 0-0 10. Qd2 Re8 11. Nge2 Nbd7 12. Ng3 Rb8 13. Be2 Qc7 14. 0-0 c4 15. Be3 b5 16. axb5 axb5 17. Ra7 Qd8 18. b4 cxb3 19. Nxb5 Bf8 20. Nd4 Rb7 21. Rxb7 Bxb7 22. Rb1 Nc5 23. Nxb3 Nxb3 24. Rxb3 Bc8 25. Bb5 Bd7 26. Ne2 Bxb5 27. Rxb5 Nd7 28. Nd4 Bg7 29. Qb4 Ne5 30. Nc6 Nxc6 31. dxc6 Qc7 32. Qc4 Rb8 33. Rxb8+ Qxb8 34. c7 Qc8 35. Qc6 Bf8 36. Qb6 1-0

[Event "Nis-ch"]
[Site "Nis"]
[Date "2006.08.27"]
[Round "3"]
[White "Ostojic, Nikola M"]
[Black "Radoja, Djordje"]
[Result "1/2-1/2"]
[WhiteElo "2069"]
[BlackElo "2235"]
[PlyCount "81"]
[EventDate "2006.08.25"]
[EventType "swiss"]
[EventRounds "8"]
[EventCountry "YUG"]
[SourceTitle "EXT 2023"]
[Source "ChessBase"]
[SourceDate "2022.10.05"]
[SourceVersion "1"]
[SourceVersionDate "2022.10.05"]
[SourceQuality "1"]

1. d4 c5 2. d5 e6 3. c4 exd5 4. cxd5 d6 5. Nc3 Nf6 6. e4 g6 7. f4 Bg7 8. Nf3 0-0 9. Be2 Re8 10. Nd2 a6 11. a4 Nbd7 12. 0-0 Rb8 13. Qc2 Qc7 14. Kh1 c4 15. e5 dxe5 16. Nxc4 e4 17. f5 Ng4 18. Bf4 Nge5 19. fxg6 hxg6 20. Qxe4 b5 21. axb5 axb5 22. Nxe5 Bxe5 23. Bxb5 Nc5 24. Qc4 Re7 25. Rae1 Bxf4 26. Rxe7 Qxe7 27. Qxf4 Rb6 28. b4 Nb7 29. Qb8 Qd8 30. Qa7 Nd6 31. Bc6 Rxb4 32. Nb5 Qf6 33. Kg1 Nxb5 34. Qb8 Qd8 35. Bxb5 Qf8 36. d6 Rd4 37. d7 Bxd7 38. Qxf8+ Kxf8 39. Bxd7 Rxd7 40. h3 Kg7 41. Rf3 1/2-1/2

[Event "Nis op"]
[Site "Nis"]
[Date "2004.07.04"]
[Round "8"]
[White "Raicevic, Ivica"]
[Black "Radoja, Djordje"]
[Result "1/2-1/2"]
[WhiteElo "2319"]
[BlackElo "2226"]
[PlyCount "68"]
[EventDate "2004.05.28"]
[EventType "swiss"]
[EventRounds "9"]
[EventCountry "YUG"]
[SourceTitle "EXT 2005"]
[Source "ChessBase"]
[SourceDate "2004.11.15"]
[SourceVersion "1"]
[SourceVersionDate "2004.11.15"]
[SourceQuality "1"]

1. c4 c5 2. Nc3 Nc6 3. g3 a6 4. Nf3 g6 5. Bg2 Bg7 6. 0-0 Rb8 7. a4 d6 8. d3 Nf6 9. h3 0-0 10. e4 Ne8 11. Be3 Nd4 12. Bxd4 cxd4 13. Nd5 a5 14. b4 e6 15. Nf4 Nc7 16. bxa5 Na6 17. Ne2 e5 18. Nd2 Qxa5 19. Qc2 Nc5 20. Nb3 Nxb3 21. Qxb3 Bd7 22. Rfb1 Bc6 23. Qb4 Qxb4 24. Rxb4 Ra8 25. Nc1 Rfc8 26. a5 Ra7 27. a6 bxa6 28. Nb3 Bf8 29. Rb6 Bd7 30. h4 Be7 31. Kh2 Rc6 32. Rb8+ Rc8 33. Rb6 Rc6 34. Rb8+ Rc8 1/2-1/2

[Event "Nis op"]
[Site "Nis"]
[Date "2004.06.30"]
[Round "4"]
[White "Radoja, Djordje"]
[Black "Miljkovic, Miroslav M"]
[Result "0-1"]
[WhiteElo "2226"]
[BlackElo "2390"]
[PlyCount "87"]
[EventDate "2004.05.28"]
[EventType "swiss"]
[EventRounds "9"]
[EventCountry "YUG"]
[SourceTitle "EXT 2005"]
[Source "ChessBase"]
[SourceDate "2004.11.15"]
[SourceVersion "1"]
[SourceVersionDate "2004.11.15"]
[SourceQuality "1"]

1. e4 c5 2. Nf3 Nc6 3. d4 cxd4 4. Nxd4 Nf6 5. Nc3 e5 6. Ndb5 d6 7. Bg5 a6 8. Na3 b5 9. Nd5 Be7 10. Bxf6 Bxf6 11. c3 0-0 12. Nc2 Bg5 13. Be2 Ne7 14. Nce3 Be6 15. Bf3 Rb8 16. 0-0 a5 17. Qd3 Qd7 18. Rfd1 Rfd8 19. Nxe7+ Qxe7 20. Nd5 Qb7 21. Be2 Rdc8 22. Qg3 Bd8 23. Bg4 b4 24. cxb4 axb4 25. Bxe6 fxe6 26. Ne3 Qe7 27. Qf3 Bb6 28. Rac1 Bd4 29. Qe2 Qa7 30. b3 Rc3 31. Rxc3 bxc3 32. Nc2 Rf8 33. Rf1 d5 34. a4 Qb7 35. b4 dxe4 36. a5 Qd5 37. g3 Ba7 38. Qg4 e3 39. fxe3 Rxf1+ 40. Kxf1 Qh1+ 41. Kf2 Qxh2+ 42. Kf3 e4+ 43. Kf4 Bb8+ 44. Kxe4 0-1

[Event "Nis op"]
[Site "Nis"]
[Date "2004.05.29"]
[Round "2"]
[White "Livaja, Mario"]
[Black "Radoja, Djordje"]
[Result "0-1"]
[WhiteElo "2120"]
[BlackElo "2226"]
[PlyCount "88"]
[EventDate "2004.05.28"]
[EventType "swiss"]
[EventRounds "9"]
[EventCountry "YUG"]
[SourceTitle "EXT 2005"]
[Source "ChessBase"]
[SourceDate "2004.11.15"]
[SourceVersion "1"]
[SourceVersionDate "2004.11.15"]
[SourceQuality "1"]

1. d4 Nf6 2. c4 c5 3. d5 e6 4. Nc3 exd5 5. cxd5 d6 6. Nf3 g6 7. g3 Bg7 8. Bg2 0-0 9. 0-0 a6 10. a4 Re8 11. Bf4 Nh5 12. Bg5 Qc7 13. Re1 Nd7 14. e4 Rb8 15. Bf1 Ne5 16. Nxe5 Bxe5 17. Rc1 Qb6 18. Bd2 Bg7 19. b3 Nf6 20. Bf4 Ng4 21. h3 Ne5 22. Kg2 Qd8 23. Bd2 f5 24. f4 Nf7 25. exf5 Bxf5 26. g4 Bd7 27. Rxe8+ Qxe8 28. a5 Bb5 29. Qf3 Bxf1+ 30. Rxf1 b5 31. axb6 Rxb6 32. Na4 Rb7 33. Rb1 c4 34. Bc3 Bxc3 35. Nxc3 Rxb3 36. Rxb3 cxb3 37. Ne4 Qe7 38. g5 b2 39. Qd3 Qb7 40. Nf6+ Kf8 41. Qb1 Qb4 42. Nxh7+ Kg7 43. Nf6 Qd2+ 44. Kg3 Qc1 0-1

[Event "Nisa Seniorsko op"]
[Site "Nisa"]
[Date "2003.04.16"]
[Round "9"]
[White "Lukic, Igor V"]
[Black "Radoja, Djordje"]
[Result "1-0"]
[WhiteElo "2042"]
[BlackElo "2241"]
[PlyCount "89"]
[EventDate "2003.04.09"]
[EventType "swiss"]
[EventRounds "9"]
[EventCountry "YUG"]
[SourceTitle "EXT 2004"]
[Source "ChessBase"]
[SourceDate "2003.11.25"]
[SourceVersion "1"]
[SourceVersionDate "2003.11.25"]
[SourceQuality "1"]

1. e4 c6 2. d4 d5 3. Nc3 dxe4 4. Nxe4 Bf5 5. Ng3 Bg6 6. h4 h6 7. Nf3 Nd7 8. h5 Bh7 9. Bd3 Bxd3 10. Qxd3 Qc7 11. Bd2 Ngf6 12. 0-0-0 e6 13. Ne4 Nxe4 14. Qxe4 Nf6 15. Qe2 Bd6 16. g3 b5 17. Ne5 Bxe5 18. dxe5 Nd5 19. Rhe1 a5 20. Qg4 Kf8 21. Be3 Qe7 22. f4 a4 23. f5 a3 24. b3 exf5 25. Qxf5 Kg8 26. Bd2 Qe6 27. Qf3 b4 28. Re4 Rb8 29. Rf1 Kf8 30. g4 Ke8 31. Rc4 Rf8 32. Qf2 Kd8 33. Qd4 Re8 34. Bxb4 Ra8 35. Bd6 Kd7 36. Qc5 Rec8 37. Qf2 f6 38. Re1 Re8 39. Qc5 Rec8 40. Qf2 Re8 41. Rd1 fxe5 42. Rxc6 Rec8 43. Rc5 Nc3 44. Rxc3 Rxc3 45. Bxe5+ 1-0

[Event "Cheliabinsk-B"]
[Site "Cheliabinsk"]
[Date "1990.??.??"]
[Round "?"]
[White "Enkhbat, Tegshsuren"]
[Black "Radoja, Djordje"]
[Result "0-1"]
[WhiteElo "2200"]
[BlackElo "2300"]
[PlyCount "80"]
[EventDate "1990.??.??"]
[EventType "tourn"]
[EventRounds "13"]
[EventCountry "URS"]
[EventCategory "5"]
[SourceTitle "EXT 2000"]
[Source "ChessBase"]
[SourceDate "1999.11.16"]
[SourceVersion "1"]
[SourceVersionDate "1999.11.16"]
[SourceQuality "1"]

1. d4 Nf6 2. c4 c5 3. d5 e6 4. Nc3 exd5 5. cxd5 d6 6. g3 g6 7. Bg2 Bg7 8. Nf3 0-0 9. 0-0 Re8 10. Bf4 a6 11. a4 Nh5 12. Bg5 Qc7 13. Re1 h6 14. Bd2 Nd7 15. e4 Rb8 16. Bf1 Nhf6 17. b3 c4 18. b4 Ng4 19. h3 Nge5 20. Re3 g5 21. Ne1 Ng6 22. Nc2 Nde5 23. Rc1 b5 24. axb5 axb5 25. Ra1 Nd3 26. Ra5 Bd7 27. Qa1 h5 28. Qa3 h4 29. Ra6 Nge5 30. Qa5 Qc8 31. Ra7 Bxh3 32. Rc7 Qg4 33. Be2 hxg3 34. fxg3 Nf3+ 35. Rxf3 Nf4 36. Bxf4 gxf4 37. Kf2 fxg3+ 38. Rxg3 Qf4+ 39. Rf3 Qh4+ 40. Rg3 Kh8 0-1

[Event "Cheliabinsk-B"]
[Site "Cheliabinsk"]
[Date "1990.??.??"]
[Round "?"]
[White "Radoja, Djordje"]
[Black "Bezgodov, Alexei"]
[Result "1/2-1/2"]
[WhiteElo "2300"]
[BlackElo "2340"]
[PlyCount "34"]
[EventDate "1990.??.??"]
[EventType "tourn"]
[EventRounds "13"]
[EventCountry "URS"]
[EventCategory "5"]
[SourceTitle "EXT 2000"]
[Source "ChessBase"]
[SourceDate "1999.11.16"]
[SourceVersion "1"]
[SourceVersionDate "1999.11.16"]
[SourceQuality "1"]

1. e4 c6 2. d4 d5 3. Nd2 dxe4 4. Nxe4 Nf6 5. Nxf6+ gxf6 6. Bc4 Bf5 7. Ne2 e6 8. 0-0 Nd7 9. Ng3 Bg6 10. Re1 Qc7 11. c3 0-0-0 12. Qf3 h5 13. Bf4 Bd6 14. Bxd6 Qxd6 15. h4 Qe7 16. b4 Rhe8 17. a4 Nb6 1/2-1/2

[Event "Cheliabinsk-B"]
[Site "Cheliabinsk"]
[Date "1990.??.??"]
[Round "?"]
[White "Radoja, Djordje"]
[Black "Magomedov, Magaram"]
[Result "0-1"]
[WhiteElo "2300"]
[BlackElo "2395"]
[PlyCount "68"]
[EventDate "1990.??.??"]
[EventType "tourn"]
[EventRounds "13"]
[EventCountry "URS"]
[EventCategory "5"]
[SourceTitle "EXT 2000"]
[Source "ChessBase"]
[SourceDate "1999.11.16"]
[SourceVersion "1"]
[SourceVersionDate "1999.11.16"]
[SourceQuality "1"]

1. e4 d6 2. d4 Nf6 3. Nc3 c6 4. h3 Qa5 5. Bd3 e5 6. Nf3 Be7 7. 0-0 0-0 8. Bc4 b5 9. dxe5 dxe5 10. Bd3 Nbd7 11. a4 b4 12. Nb1 Qc7 13. Nbd2 Nc5 14. Nc4 Nfxe4 15. Ncxe5 Nxd3 16. cxd3 Nf6 17. Qc2 c5 18. Bg5 Bf5 19. Rac1 Rac8 20. b3 h6 21. Bf4 Nd5 22. Bh2 Qb7 23. Qc4 Nc3 24. Nxf7 Rxf7 25. Ne5 Bf6 26. Nxf7 Qxf7 27. Rfe1 Qxc4 28. dxc4 Bg5 29. f4 Bf6 30. g4 Bd4+ 31. Kg2 Be4+ 32. Kg3 Bc6 33. h4 Ne4+ 34. Kh3 Nf2+ 0-1

[Event "Cheliabinsk-B"]
[Site "Cheliabinsk"]
[Date "1990.??.??"]
[Round "?"]
[White "Radoja, Djordje"]
[Black "Varavin, Viktor"]
[Result "1/2-1/2"]
[WhiteElo "2300"]
[BlackElo "2445"]
[PlyCount "71"]
[EventDate "1990.??.??"]
[EventType "tourn"]
[EventRounds "13"]
[EventCountry "URS"]
[EventCategory "5"]
[SourceTitle "EXT 2000"]
[Source "ChessBase"]
[SourceDate "1999.11.16"]
[SourceVersion "1"]
[SourceVersionDate "1999.11.16"]
[SourceQuality "1"]

1. e4 e5 2. Nf3 Nc6 3. Bb5 a6 4. Ba4 Nf6 5. 0-0 Be7 6. Re1 b5 7. Bb3 d6 8. c3 0-0 9. h3 Na5 10. Bc2 c5 11. d3 Re8 12. Nbd2 Bf8 13. Nf1 h6 14. Ng3 g6 15. b4 Nc6 16. Bd2 Be6 17. Bb3 Qd7 18. a4 Rac8 19. axb5 axb5 20. Qb1 cxb4 21. cxb4 d5 22. Qb2 d4 23. Bxe6 Rxe6 24. Rec1 Qb7 25. Ne1 Nd7 26. Ne2 Nb6 27. f4 Qe7 28. Nf3 exf4 29. Nxf4 Rd6 30. Qb3 Rf6 31. Ra6 Qb7 32. Rxb6 Qxb6 33. Nd5 Qd8 34. Nxf6+ Qxf6 35. Qd5 Nxb4 36. Qxb5 1/2-1/2

[Event "Cheliabinsk-B"]
[Site "Cheliabinsk"]
[Date "1990.??.??"]
[Round "?"]
[White "Radoja, Djordje"]
[Black "Zivkovic, Dragan"]
[Result "0-1"]
[WhiteElo "2300"]
[BlackElo "2320"]
[PlyCount "86"]
[EventDate "1990.??.??"]
[EventType "tourn"]
[EventRounds "13"]
[EventCountry "URS"]
[EventCategory "5"]
[SourceTitle "EXT 2000"]
[Source "ChessBase"]
[SourceDate "1999.11.16"]
[SourceVersion "1"]
[SourceVersionDate "1999.11.16"]
[SourceQuality "1"]

1. e4 c6 2. d4 d5 3. Nc3 dxe4 4. Nxe4 Bf5 5. Ng3 Bg6 6. Nf3 Nd7 7. h4 h6 8. h5 Bh7 9. Bd3 Bxd3 10. Qxd3 e6 11. Bf4 Qa5+ 12. Bd2 Qc7 13. 0-0-0 Ngf6 14. Qe2 0-0-0 15. Ne5 Nb6 16. c4 Rxd4 17. Be3 Rxd1+ 18. Rxd1 Rg8 19. Bf4 Nbd7 20. Qd2 Bb4 21. Qxb4 Nxe5 22. Qd2 Nd3+ 23. Qxd3 Qxf4+ 24. Rd2 Qc7 25. Kc2 Rd8 26. Qc3 Rxd2+ 27. Kxd2 Qxg3 28. Qxg3 Ne4+ 29. Ke3 Nxg3 30. fxg3 c5 31. g4 f6 32. Ke4 Kd7 33. b3 a5 34. a4 Ke7 35. Kf4 Kf7 36. g3 b6 37. Ke4 g6 38. Kf4 e5+ 39. Ke4 gxh5 40. gxh5 Ke6 41. g4 f5+ 42. gxf5+ Kf6 43. Kd5 Kxf5 0-1